000 00760nam a2200241Ia 4500
003 OSt
005 20221005042453.0
006 a|||||r|||| 00| 0
007 ta
008 221004b |||||||| |||| 00| 0 hin d
024 _a79021
037 _cTextual
040 _aCRL
_cCRL
_bhin
041 _2hin
_ahin
082 _aO1529693,1N20x, P3
100 _aGoyanka Kamal Kishore
_9393410
245 0 _aBrijender Kumar Bhagat 'Madhukar' Kavya-Rachnavali
_b Mauritius ke rashtriya kavi ki sampooran kavya kritiyon ka samgrah
260 _aDelhi
_bVishal Printers India
_c2003
300 _a592p.
_ccm.
650 _aENGLISH LITERATURE
942 _hO1529693,1N20x, P3
_cTEXL
_2cc
999 _c950299
_d950299